| Tag |
First Indicator |
Second Indicator |
Subfields |
| LEADER |
00000cam a2200000 a 4500 |
| 001 |
in00000087342 |
| 005 |
20151008062918.0 |
| 008 |
820506s1981 nyucf 00110deng |
| 010 |
|
|
|a 81067368
|
| 020 |
|
|
|a 0823210715
|
| 035 |
|
|
|a (OCoLC)08159341
|
| 035 |
|
|
|9 AAK1189AM
|
| 039 |
0 |
|
|a 2
|b 3
|c 3
|d 3
|e 3
|
| 040 |
|
|
|a DLC
|c DLC
|d TXA
|d UtOrBLW
|
| 043 |
|
|
|a e-uk-en
|a e-uk-st
|
| 049 |
|
|
|a TXAM
|c [1633154]
|
| 050 |
0 |
0 |
|a BX4705 H77
|b A4 1981
|
| 082 |
0 |
|
|a 230/.2/0924
|a B
|2 19
|
| 100 |
1 |
|
|a Hügel, Friedrich,
|c Freiherr von,
|d 1852-1925.
|
| 240 |
1 |
0 |
|a Correspondence.
|k Selections
|
| 245 |
1 |
4 |
|a The letters of Baron Friedrich von Hugel and Professor Norman Kemp Smith /
|c edited by Lawrence F. Barmann.
|
| 264 |
|
1 |
|a New York :
|b Fordham University Press,
|c 1981.
|
| 300 |
|
|
|a 353 pages, 2 unnumbered pages of plates :
|b portraits ;
|c 24 cm.
|
| 336 |
|
|
|a text
|b txt
|2 rdacontent
|
| 337 |
|
|
|a unmediated
|b n
|2 rdamedia
|
| 338 |
|
|
|a volume
|b nc
|2 rdacarrier
|
| 500 |
|
|
|a Includes index.
|
| 600 |
1 |
0 |
|a Hügel, Friedrich,
|c Freiherr von,
|d 1852-1925.
|
| 600 |
1 |
0 |
|a Smith, Norman Kemp,
|d 1872-1958.
|
| 650 |
|
0 |
|a Theologians
|z England
|x Correspondence.
|
| 650 |
|
0 |
|a Philosophers
|z Scotland
|x Correspondence.
|
| 700 |
1 |
|
|a Smith, Norman Kemp,
|d 1872-1958.
|t Correspondence.
|k Selections.
|f 1981.
|
| 700 |
1 |
|
|a Barmann, Lawrence F.
|
| 999 |
|
|
|a MARS
|
| 999 |
f |
f |
|s 1dd4e15f-b4d6-365e-a5f1-168cda10f27d
|i 4d292649-768c-3374-a386-bc0203dc3ac0
|t 0
|
| 952 |
f |
f |
|p ric
|a Texas A&M University
|b Rellis Campus
|c Joint Library Facility
|d Remote Storage
|t 0
|e BX4705 H77 A4 1981
|h Library of Congress classification
|i unmediated -- volume
|m A14805981193
|
| 998 |
f |
f |
|a BX4705 H77 A4 1981
|t 0
|l Remote Storage
|